000 00231nam a22000857a 4500
008 160905b xxu||||| |||| 00| 0 eng d
100 _9293
_aMartin H
245 _aSchool Essays and Letters
260 _aNew Delhi
_bS.Chand publication
_c2011
999 _c2952
_d2952